[Event "CRO-chT2 Ost"]
[Site "Croatia"]
[Date "2015.05.10"]
[Round "6.15"]
[White "Zubak, Zeljko"]
[Black "Sedic, Mijo"]
[Result "1/2-1/2"]
[WhiteElo "1992"]
[BlackElo "2074"]
[PlyCount "60"]
[EventDate "2015.04.25"]
[EventType "team-tourn"]
[EventRounds "11"]
[EventCountry "CRO"]
[SourceTitle "EXT 2016"]
[Source "ChessBase"]
[SourceDate "2015.10.08"]
[SourceVersion "1"]
[SourceVersionDate "2015.10.08"]
[SourceQuality "1"]

1. d4 d5 2. c4 dxc4 3. Nc3 e6 4. e4 g6 5. Bxc4 Bg7 6. Nf3 c6 7. 0-0 Ne7 8. Be3 0-0 9. a3 Nd7 10. h3 b5 11. Bb3 Bb7 12. Rc1 Rc8 13. Qe2 Nb6 14. Rfd1 a6 15. e5 Nbd5 16. Nxd5 Nxd5 17. Bxd5 cxd5 18. Qd2 Qd7 19. Rxc8 Rxc8 20. Rc1 Rxc1+ 21. Qxc1 Qc6 22. Qxc6 Bxc6 23. b4 Bf8 24. Ne1 Be7 25. Nd3 Bd7 26. f4 Kg7 27. Kf2 h5 28. g3 Bc8 29. h4 Kf8 30. Ke2 Ke8 1/2-1/2

[Event "CRO-chT2 East"]
[Site "Osijek"]
[Date "2013.10.12"]
[Round "7.35"]
[White "Sedic, Mijo"]
[Black "Bjelica, Vladimir"]
[Result "1/2-1/2"]
[WhiteElo "2101"]
[BlackElo "2038"]
[PlyCount "34"]
[EventDate "2013.04.20"]
[EventType "team-tourn"]
[EventRounds "11"]
[EventCountry "CRO"]
[SourceTitle "EXT 2023"]
[Source "ChessBase"]
[SourceDate "2022.10.05"]
[SourceVersion "1"]
[SourceVersionDate "2022.10.05"]
[SourceQuality "1"]

1. e4 c5 2. Bc4 Nc6 3. Nc3 d6 4. Nf3 Nf6 5. d3 h6 6. h3 e6 7. 0-0 Be7 8. Re1 e5 9. Nd5 Nxd5 10. Bxd5 0-0 11. c3 Bf6 12. Nh2 Be6 13. Bxc6 bxc6 14. Qh5 Bg5 15. Bxg5 Qxg5 16. Qxg5 hxg5 17. Nf3 f6 1/2-1/2

[Event "CRO-chT2 East"]
[Site "Osijek"]
[Date "2013.04.21"]
[Round "3.55"]
[White "Sedic, Mijo"]
[Black "Savic, Mihajlo"]
[Result "1/2-1/2"]
[WhiteElo "2101"]
[BlackElo "2217"]
[PlyCount "106"]
[EventDate "2013.04.20"]
[EventType "team-tourn"]
[EventRounds "11"]
[EventCountry "CRO"]
[SourceTitle "EXT 2023"]
[Source "ChessBase"]
[SourceDate "2022.10.05"]
[SourceVersion "1"]
[SourceVersionDate "2022.10.05"]
[SourceQuality "1"]

1. e4 e5 2. Bc4 Nf6 3. Nc3 Be7 4. Nf3 d6 5. 0-0 0-0 6. h3 Nc6 7. a4 Bd7 8. d3 Qc8 9. Bg5 h6 10. Bxf6 Bxf6 11. Nd5 Bd8 12. Ne3 Kh7 13. c3 Ne7 14. d4 f6 15. Kh2 Ng6 16. Ng1 Nf4 17. Qf3 g6 18. Ne2 Nxe2 19. Qxe2 Be6 20. f4 exf4 21. Rxf4 c6 22. Rf3 Re8 23. Qd3 Kg7 24. Raf1 Bxc4 25. Nxc4 Qe6 26. Nd2 d5 27. e5 f5 28. Nb3 Be7 29. Nc1 Kh7 30. Ne2 Rf8 31. Nf4 Qg8 32. Rg3 Bg5 33. h4 Bxf4 34. Rxf4 Qe6 35. Rgf3 h5 36. b4 a6 37. a5 Rf7 38. Rf1 Rd8 39. g3 Rdd7 40. Kg2 Rf8 41. g4 Rg7 42. Kh2 hxg4 43. Rxg4 Rh8 44. Rg5 Kg8 45. Qg3 Rxh4+ 46. Qxh4 Rh7 47. Qxh7+ Kxh7 48. Rfg1 f4 49. R1g4 c5 50. bxc5 Qc6 51. Rxg6 Qb5 52. Rg7+ Kh6 53. Rg2 f3 1/2-1/2

[Event "CRO-chT2 East"]
[Site "Osijek"]
[Date "2010.04.18"]
[Round "3.25"]
[White "Sucic, Mihael"]
[Black "Sedic, Mijo"]
[Result "1/2-1/2"]
[WhiteElo "1928"]
[BlackElo "2107"]
[PlyCount "65"]
[EventDate "2010.04.17"]
[EventType "team-tourn"]
[EventRounds "11"]
[EventCountry "CRO"]
[SourceTitle "EXT 2012"]
[Source "ChessBase"]
[SourceDate "2011.11.24"]
[SourceVersion "1"]
[SourceVersionDate "2011.11.24"]
[SourceQuality "1"]

1. d4 Nf6 2. c4 g6 3. Nc3 Bg7 4. e4 d6 5. Nf3 b6 6. Be2 0-0 7. 0-0 Bb7 8. Qc2 Na6 9. a3 c5 10. d5 Nd7 11. Re1 Nc7 12. Bf1 Ne8 13. Bf4 f6 14. h4 Ne5 15. Nxe5 fxe5 16. Be3 Nf6 17. Be2 Bc8 18. Qd1 Qe8 19. f3 Nh5 20. Kh2 Nf4 21. g3 Nxe2 22. Qxe2 Qd7 23. Qg2 Rf7 24. b3 Ba6 25. a4 Raf8 26. Rf1 Bc8 27. Rf2 a6 28. Raa2 Qb7 29. Qf1 a5 30. Rad2 h6 31. Qg2 Kh7 32. Kg1 Qd7 33. Kh2 1/2-1/2

[Event "CRO-chT3 East-A"]
[Site "Croatia"]
[Date "2005.03.20"]
[Round "2.4"]
[White "Sahinovic, Jozo"]
[Black "Sedic, Mijo"]
[Result "1/2-1/2"]
[WhiteElo "1935"]
[BlackElo "2101"]
[PlyCount "26"]
[EventDate "2005.03.13"]
[EventType "team-tourn"]
[EventRounds "11"]
[EventCountry "CRO"]
[SourceTitle "EXT 2007"]
[Source "ChessBase"]
[SourceDate "2006.11.23"]
[SourceVersion "1"]
[SourceVersionDate "2006.11.23"]
[SourceQuality "1"]
[WhiteTeam "Pakrac"]
[BlackTeam "Slatina"]
[WhiteTeamCountry "CRO"]
[BlackTeamCountry "CRO"]

1. e4 c5 2. Nf3 Nc6 3. d4 cxd4 4. Nxd4 Nxd4 5. Qxd4 d6 6. Nc3 h6 7. Be2 Nf6 8. e5 dxe5 9. Qxe5 a6 10. 0-0 Nd7 11. Qd4 e6 12. Rd1 Qb6 13. Qxb6 Nxb6 1/2-1/2

[Event "CRO-chT3 East-A"]
[Site "Croatia"]
[Date "2005.03.13"]
[Round "1.5"]
[White "Sedic, Mijo"]
[Black "Pavkovic, Branko"]
[Result "1-0"]
[WhiteElo "2101"]
[BlackElo "1722"]
[PlyCount "65"]
[EventDate "2005.03.13"]
[EventType "team-tourn"]
[EventRounds "11"]
[EventCountry "CRO"]
[SourceTitle "EXT 2007"]
[Source "ChessBase"]
[SourceDate "2006.11.23"]
[SourceVersion "1"]
[SourceVersionDate "2006.11.23"]
[SourceQuality "1"]
[WhiteTeam "Slatina"]
[BlackTeam "Pleternica"]
[WhiteTeamCountry "CRO"]
[BlackTeamCountry "CRO"]

1. e4 g6 2. Bc4 Bg7 3. Nc3 e6 4. Nf3 d6 5. d3 Ne7 6. 0-0 0-0 7. Bg5 Qd7 8. Qe2 b6 9. e5 d5 10. Bb3 Bb7 11. d4 Ba6 12. Ba4 c6 13. Qd2 Bxf1 14. Rxf1 b5 15. Bb3 a5 16. a4 b4 17. Nd1 Na6 18. Ne3 c5 19. Ng4 Nf5 20. Nf6+ Bxf6 21. Bxf6 h6 22. g4 Kh7 23. Ng5+ Kg8 24. gxf5 exf5 25. Nf3 Kh7 26. Ng5+ Kg8 27. Qf4 cxd4 28. Kh1 Nc5 29. Nf3 Kh7 30. Ng5+ Kg8 31. Rg1 Rfd8 32. Ne6 Nxe6 33. Qxh6 1-0